Statistics for College Basketball Final 4 Teams

Click here to take the quiz!

General Stats

  • This quiz has been taken 31 times
  • The average score is 4 of 7

Answer Stats

HintAnswer% Correct
21 Final 4 appearancesUNC Tarheels
93%
17 Final 4 appearancesDuke Blue Devils
86%
17 Final 4 appearancesKentucky Wildcats
83%
18 Final 4 appearancesUCLA Bruins
72%
16 Final 4 appearancesKansas Jayhawks
69%
10 Final 4 appearancesMichigan State Spartans
3%
10 Final 4 appearancesOhio State Buckeyes
3%

Score Distribution

Percentile by Number Answered

Percent of People with Each Score

Your Score History

You have not taken this quiz